Benchmarking de la función financiera (Registro nro. 2692)

Detalles MARC
000 -LEADER
fixed length control field 01318 a2200253 4500
001 - CONTROL NUMBER
control field 36940
005 - DATE AND TIME OF LATEST TRANSACTION
control field 20260407155641.0
008 - FIXED-LENGTH DATA ELEMENTS--GENERAL INFORMATION
fixed length control field 260407a1996 arg spa d
003 - CONTROL NUMBER IDENTIFIER
control field AR-UNSa-BCEJYS
040 ## - CATALOGING SOURCE
Original cataloging agency AR-UNSa-BCEJYS
Language of cataloging spa
Transcribing agency AR-UNSa-BCEJYS
080 ## - UNIVERSAL DECIMAL CLASSIFICATION NUMBER
Universal Decimal Classification number 658.012.4
Common auxiliary subdivision Gestión. Dirección. Autoridad. Técnicas y métodos de gestión (gestión del conocimiento, Outsourcing, Benchmarking...)
020 ## - INTERNATIONAL STANDARD BOOK NUMBER
International Standard Book Number 84-481-0701-2
041 ## - LANGUAGE CODE
Language code of text/sound track or separate title spa
100 1# - MAIN ENTRY--PERSONAL NAME
Personal name Suárez, José Luis
245 10 - TITLE STATEMENT
Title Benchmarking de la función financiera
264 #1 - PRODUCTION, PUBLICATION, DISTRIBUTION, MANUFACTURE, AND COPYRIGHT NOTICE
Place of production, publication, distribution, manufacture Madrid :
Name of producer, publisher, distributor, manufacturer McGraw-Hill
Date of production, publication, distribution, manufacture, or copyright notice 1996
300 ## - PHYSICAL DESCRIPTION
Extent x, 152 p.
Dimensions 23 cm.
505 ## - FORMATTED CONTENTS NOTE
Formatted contents note 1. Introducción - 2. El benchmarking como herramienta de gestión - 3. La función financiera en la empresa - 4. El benchmarking de la función financiera - 5. Tesorería (I). Planificación - 6. Tesorería (II) Gestión de las operaciones - 7. Tesorería (III) Gestión financiera - 8. Tesorería (IV) Relación con entidades financieras. Conciliación y negociación bancaria - 9. La gestión del circulante - 10. La función de financiación - 11. La facturación
590 ## - LOCAL NOTE (RLIN)
Local note niveau_biblio:m niveau_hierar:0
700 1# - ADDED ENTRY--PERSONAL NAME
Personal name Arias, Alvaro
700 1# - ADDED ENTRY--PERSONAL NAME
Personal name Fernández, Tomás
856 41 - ELECTRONIC LOCATION AND ACCESS
Uniform Resource Identifier <a href="https://170.210.207.44/pmb/images/libros/L125480.jpg">https://170.210.207.44/pmb/images/libros/L125480.jpg</a>
Link text Imagen de portada
Electronic format type image/jpeg
942 ## - ADDED ENTRY ELEMENTS (KOHA)
Koha item type
Existencias
Withdrawn status Lost status Damaged status Not for loan Home library Current library Shelving location Date acquired Total checkouts Full call number Barcode Date last seen Price effective from Koha item type
        Biblioteca Prof. Eusebio Cleto del Rey Biblioteca Prof. Eusebio Cleto del Rey   07/04/2026   658.012.4 S939 L125480 07/04/2026 07/04/2026 Libro